Tramwaje Warszawa- Linia 10 (przystanki) - Statystyki

Ogólne statystyki
  • Ten quiz został rozwiązany 90 razy
    72 od ostatniego zresetowania
  • Średni wynik to 21 z 39
Statystyki odpowiedzi
Numer przystanku Nazwa przystanku % Poprawnych
39. Wyścigi
85%
22. Dworzec Centralny
79%
21. Rondo ONZ
77%
23. Koszykowa
74%
24. Nowowiejska
70%
1. Osiedle Górczewska
70%
36. Metro Wilanowska
64%
26. Metro Politechnika
62%
25. Plac Politechniki
62%
3. Bemowo - Ratusz
60%
9. Fort Wola
57%
15. Metro Płocka
57%
31. Morskie Oko
55%
28. Plac Unii Lubelskiej
55%
16. Zajezdnia Wola
55%
7. Ciepłownia Wola
53%
20. Hala Mirowska
53%
19. Kino Femina
53%
17. Okopowa
53%
10. Sowińskiego
53%
13. PKP Wola (Wolska)
51%
18. Wola - Ratusz
51%
4. Czumy
49%
5. Hala Wola
49%
2. Klemensiewicza
49%
34. Królikarnia
49%
38. Aleja Lotników
45%
30. Dworkowa
45%
12. Elekcyjna
45%
32. Park Dreszera
45%
29. Rakowiecka
45%
14. Sokołowska
45%
11. Reduta Wolska
43%
37. Niedźwiedzia
42%
6. Synów Pułku
42%
35. Bukowińska
38%
27. Trasa Łazienkowska
38%
33. Malczewskiego
36%
8. Połczyńska Parking P+R
36%
Nie znaleziono quizów pasujących do podanych kryteriów
Rozkład punktacji
Procent ludzi z każdym wynikiem
Percentyl według liczby udzielonych odpowiedzi
Twoja historia wyników
Nie rozwiązałeś tego quizu od ostatniego zresetowania